000 00641cam a2200277ua 4500
020 _c1.25
041 _amal
_h
082 _a634.573
_bPOT/KA
100 _aPotti, V S .
245 _aKasumavu /
_cV S Potti.
_hTextual Documents
250 _a1 /
_b.
260 _aThrissur :
_bKerala Agricultural University ,
_c1980.
300 _a42 ; .
365 _a1.25
504 _a
942 _cBK
999 _c10884
_d10884